000 00604nam a22002297a 4500
005 20230208170245.0
008 230208b ||||| |||| 00| 0 eng d
020 _a0333236424
040 _cAL
041 _aeng
082 _223
_a382.1
_bSODI
100 _aBo Sodersten
_971496
245 _aInternational economics Ed 2
260 _aLondon
_bMacmillan
_c1990
300 _axii,524p.
_bPB
_c23x15cm
365 _2Economics
650 _aInternational Trade
_971497
650 _aTrade Policy
_971498
650 _aForeign Exchange
_971499
700 _aSODERSTEN (Bo)
_971500
942 _2ddc
_cDB
999 _c226619
_d226619